000 00490nam a2200169Ia 4500
003 GCL
008 140319s9999 xx 000 0 ara d
040 _aGCL /
_cGCL
082 0 4 _a811.082
_bع أ
100 1 _aعمر الدقاق
245 1 0 _aالاتجاة القومى فى الشعر العربى الحديث /
_cعمر الدقاق
260 _a[S.N] :
_bدار الشرق العربى
300 _a489 ص
490 _a
650 0 4 _aالشعر القومى
942 _2ddc
_cBK
999 _c38651
_d38651